000 00277nam a22000977a 4500
008 231218b |||||||| |||| 00| 0 eng d
020 _a9781633935563
100 _aCorrell Angela
_97738
245 _aGuarded (May Hollow Triology: Book Two)
260 _aVirginia
_bKoehler Books
_c2013
999 _c12520
_d12520